Polskie miasta na A według podpowiedzi - Statystyki

Ogólne statystyki
  • Ten quiz został rozwiązany 124 razy
  • Średni wynik to 3 z 6
Statystyki odpowiedzi
Podpowiedź Miasto % Poprawnych
Od tego miasta pochodzi nazwa kanału żeglugowego w województwie podlaskim. Augustów
98%
Jest duże prawdopodobieństwo, że tam uszyto twoje skarpetki. Województwo łódzkie. Aleksandrów Łódzki
58%
Niektóre miejsca w tym mieście to Kościół św. Macieja, Staw Anteckiego i Wieprzówka. Andrychów
45%
W 1879 r. spotkali się tam cesarze Rosji i Niemiec. Ma bardzo długi dworzec kolejowy. Aleksandrów Kujawski
33%
Mieści się tam Małopolskie Muzeum Pożarnictwa. Leży w powiecie chrzanowskim. Alwernia
31%
Niedaleko przepływa Wisła. Jest też osiedle na warszawskiej Białołęce o takiej nazwie. Annopol
27%
Nie znaleziono quizów pasujących do podanych kryteriów
Rozkład punktacji
Procent ludzi z każdym wynikiem
Percentyl według liczby udzielonych odpowiedzi
Twoja historia wyników
Nie rozwiązałeś tego quizu